00990 a2200181 45000010006000000050017000060080041000230030015000640400040000790800125001192450080002442500011003242640043003353000019003785050365003971000027007627000019007893614520260407155638.0260407a1989 arg spa dAR-UNSa-BCEJYS aAR-UNSa-BCEJYSbspacAR-UNSa-BCEJYS a658.012.2xPlanificación. Programas. Planes. Medidas de apoyo a la planificación( Administración estratégica...)10aAdministración y estrategiapun enfoque competitivo y emprendedor - Casos a2a. ed 1aBuenos Aires :bEdiciones Macchic1989 a351 p.c22 cm. a1. Planeamietno estrategico - 2. Formulación de estrategias - 3. Sistema Politico - 4. Protfolio análisis - 5. Decisiones y creatividad - 6. Análisis de competencia - 7. Análisis de consuidores - 8. Estructura - 9. Análisis de contexto - 10. Cultura - 11. Excelencia entrepreneurship e intrapreneurship - 12. Casos especiales de integración global.1 aHermida, Jorge Alfredo1 aSerra, Roberto